The art of the leader
Gardado en:
| Autor Principal: | |
|---|---|
| Formato: | Libro |
| Idioma: | Undetermined |
| Publicado: |
New Jersey
Prentice Hall
1990
|
| Những chủ đề: | |
| Các nhãn: |
Engadir etiqueta
Sen Etiquetas, Sexa o primeiro en etiquetar este rexistro!
|
| Thư viện lưu trữ: | Trung tâm Học liệu Trường Đại học Cần Thơ |
|---|
| LEADER | 00463nam a2200181Ia 4500 | ||
|---|---|---|---|
| 001 | CTU_99516 | ||
| 008 | 210402s9999 xx 000 0 und d | ||
| 082 | |a 658.4 | ||
| 082 | |b C678 | ||
| 100 | |a Cohen, William A. | ||
| 245 | 4 | |a The art of the leader | |
| 245 | 0 | |c William A. Cohen | |
| 260 | |a New Jersey | ||
| 260 | |b Prentice Hall | ||
| 260 | |c 1990 | ||
| 650 | |a Leadership | ||
| 904 | |i Tuyến | ||
| 980 | |a Trung tâm Học liệu Trường Đại học Cần Thơ | ||